书目信息 |
| 题名: |
北大新闻与传播评论
|
|
| 作者: | 程曼丽 主编 | |
| 分册: | 第二辑 | |
| 出版信息: | 北京 北京大学出版社 2006 |
|
| 页数: | 316页 | |
| 开本: | 23cm | |
| 丛书名: | ||
| 单 册: | ||
| 中图分类: | G210-53 | |
| 科图分类: | ||
| 主题词: | 新闻学--文集 , 传播学--文集 , 新闻学 , 传播学 | |
| 电子资源: | ||
| ISBN: | 7-301-10735-8 | |
| 000 | 00947nam0 2200277 450 | |
| 001 | 012007255088 | |
| 005 | 20070611161212.75 | |
| 010 | @a7-301-10735-8@dCNY29.00 | |
| 100 | @a20070514d2006 km y0chiy0120 ea | |
| 101 | 0 | @achi |
| 102 | @aCN@b110000 | |
| 105 | @ay z 000yy | |
| 106 | @ar | |
| 200 | 1 | @a北大新闻与传播评论@Abei da xin wen yu chuan bo ping lun@h第二辑@f程曼丽主编@Fcheng man li zhu bian |
| 210 | @a北京@c北京大学出版社@d2006 | |
| 215 | @a316页@d23cm | |
| 330 | @a本论文集集中了北京大学新闻与传播学院的教师最近一年来的学术成果,分为国际传播、网络传播、影视传播、整合营销传播、传播学理论与方法、新闻教育、媒介传播史几个方面。 | |
| 510 | 1 | @aJournalism and communication review@zeng |
| 606 | 0 | @a新闻学@j文集 |
| 606 | 0 | @a传播学@j文集 |
| 606 | 0 | @a新闻学 |
| 606 | 0 | @a传播学 |
| 690 | @aG210-53@v4 | |
| 701 | 0 | @a程曼丽@Acheng man li@c(新闻传播)@4主编 |
| 801 | 0 | @aCN@bRULIN@c20070611 |
| 905 | @dG210-53@e221:2@s8 | |
| 北大新闻与传播评论.第二辑/程曼丽主编.-北京:北京大学出版社,2006 |
| 316页;23cm |
| ISBN 7-301-10735-8:CNY29.00 |
| 本论文集集中了北京大学新闻与传播学院的教师最近一年来的学术成果,分为国际传播、网络传播、影视传播、整合营销传播、传播学理论与方法、新闻教育、媒介传播史几个方面。 |
| ● |
| 相关链接 |
|
|
|
|
正题名:北大新闻与传播评论
索取号:G210-53/221:2
 
预约/预借
| 序号 | 登录号 | 条形码 | 馆藏地/架位号 | 状态 | 备注 |
| 1 | 0577549 | 205775491 | 第一样本阅览室/ [索取号:G210-53/221:2] | 在馆 | |
| 2 | 0577550 | 205775507 | 第四借阅区/ [索取号:G210-53/221:2] | 在馆 | |
| 3 | 0577551 | 205775516 | 第四借阅区/ [索取号:G210-53/221:2] | 在馆 | |
| 4 | 0577552 | 205775525 | 第四借阅区/ [索取号:G210-53/221:2] | 在馆 | |
| 5 | 0577553 | 205775534 | 第四借阅区/ [索取号:G210-53/221:2] | 在馆 | |
| 6 | 0577554 | 205775543 | 第四借阅区/ [索取号:G210-53/221:2] | 在馆 | |
| 7 | 0577555 | 205775552 | 第四借阅区/ [索取号:G210-53/221:2] | 在馆 | |
| 8 | 0577556 | 205775561 | 第四借阅区/ [索取号:G210-53/221:2] | 在馆 |